Normal view
MARC view
Entry Uniform Title
001 - CONTROL NUMBER
- control field: 22729
003 - CONTROL NUMBER IDENTIFIER
- control field: ARRUPE
005 - DATE AND TIME OF LATEST TRANSACTION
- control field: 20160303144436.0
008 - FIXED-LENGTH DATA ELEMENTS
- fixed length control field: 160303|| aca||aabn | a|a d
040 ## - CATALOGING SOURCE
- Original cataloging agency: ARRUPE
- Transcribing agency: ARRUPE
130 ## - HEADING--UNIFORM TITLE
- Uniform title: Bhagavadgītā
- General subdivision: Criticism, interpretation, etc.
670 ## - SOURCE DATA FOUND
- Source citation: Work cat.: (ARRUPE)0: D'Souza, Rudolf V., 1960- 22728, Meeting in god-experience :, 1999.